Οικονομολόγοι τεχνοκράτες στην ελληνική πολιτική σκηνή : 1974-2019
Αποθηκεύτηκε σε:
| Κύριος συγγραφέας: | |
|---|---|
| Μορφή: | Βιβλίο |
| Γλώσσα: | Greek |
| Δημοσίευση: |
Αθήνα :
Αλεξάνδρεια,
c2021.
|
| Σειρά: | Κοινωνία και πολιτισμός
|
| Θέματα: | |
| Ετικέτες: |
Προσθήκη ετικέτας
Δεν υπάρχουν, Καταχωρήστε ετικέτα πρώτοι!
|
MARC
| LEADER | 00000cam a2200000 a 4500 | ||
|---|---|---|---|
| 001 | 1/124430 | ||
| 008 | 220224s2021####gr | ||| |||| ||gre|| | ||
| 020 | |a 9789602219324 | ||
| 040 | |a GR-MyUa |b gre |c GR-MyUa |e AACR2 | ||
| 041 | 0 | |a gre | |
| 082 | 7 | |a 330.9495 |2 (23) | |
| 100 | 1 | |a Σουλιώτης, Νίκος. | |
| 245 | 1 | 0 | |a Οικονομολόγοι τεχνοκράτες στην ελληνική πολιτική σκηνή : |b 1974-2019 / |c Νίκος Σουλιώτης. |
| 260 | |a Αθήνα : |b Αλεξάνδρεια, |c c2021. | ||
| 300 | |a 284 σ. ; |c 24 εκ. | ||
| 490 | 1 | |a (Κοινωνία και πολιτισμός) | |
| 504 | |a Περιλαμβάνει βιβλιογραφικές παραπομπές και ευρετήριο. | ||
| 650 | 0 | |a Economists |z Greece. | |
| 650 | 0 | |a Financial crisis |z Greece. | |
| 651 | 0 | |a Greece |x Economic policy |y 20th century. | |
| 651 | 0 | |a Greece |x Economic policy |y 21st century. | |
| 830 | 0 | |a Κοινωνία και πολιτισμός | |
| 852 | |a INST |b LESVOS |e 20220224 |h 330.9495 ΣΟΥ |p 005100063660 |q 005100063660 |t BK |y 0 | ||
| 852 | |a INST |b LESVOS |e 20220224 |h 330.9495 ΣΟΥ |p 005100063661 |q 005100063661 |t BK |y 0 | ||
| 970 | |a Καμάτσου |b Δέσποινα |z 14-02-2022 | ||